| 000 | 01023nam a22002537a 4500 | ||
|---|---|---|---|
| 999 |
_c13905 _d13905 |
||
| 003 | EG-ScBUE | ||
| 005 | 20210214102402.0 | ||
| 008 | 100418s1978 ua f b 000 0 ara d | ||
| 040 |
_aEG-ScBUE _bara _erda _cEG-ScBUE _dEG-ScBUE |
||
| 082 | 0 | 4 |
_a892.710409 _bك ب ي _222 |
| 100 | 1 |
_913593 _aالكبير، حسن أحمد، _eمؤلف. |
|
| 245 | 1 | 0 |
_aتطور القصيدة الغنائية في الشعر العربي الحديث من 1881-1938 م / _cالدكتور حسن أحمد الكبير. |
| 264 | 1 |
_a[القاهرة] : _bدار الفكر العربي، _c[1978] |
|
| 300 |
_a632 صفحة ؛ _c23 سم |
||
| 336 |
_2rdacontent _aنص _btxt |
||
| 337 |
_2rdamedia _aبدون وسيط _bn |
||
| 338 |
_2rdacarrier _aمجلد _bnc |
||
| 504 | _aيشتمل على إرجاعات ببليوجرافية. | ||
| 650 | 7 |
_913594 _aالشعر العربي _xتاريخ ونقد _yالعصر الحديث. _2BUEsh |
|
| 651 | _2BUEsh | ||
| 653 |
_bARALIT _cFebruary2021 |
||
| 655 |
_vReading book _934232 |
||
| 942 |
_2ddc _cBB |
||